Statistiques concernant Rugby - Meilleur Joueur du Tournoi des Six Nations

Cliquez ici pour prendre le quiz!

Statistiques générales

  • Ce quiz a été pris 255 fois
    (226 depuis la dernière actualisation)
  • Le résultat moyen est 4 sur 15

Statistiques - réponses

anCountryPlayer% Correct
2020FranceAntoine Dupont
99%
2016ÉcosseStuart Hogg
63%
2019Pays de GallesAlun-Wyn Jones
50%
2006IrlandeBrian O'Driscoll
50%
2021ÉcosseHamish Watson
36%
2005Pays de GallesMartyn Williams
31%
2008Pays de GallesShane Williams
31%
2013Pays de GallesLeigh Halfpenny
20%
2015IrlandePaul O'Connell
19%
2014AngleterreMike Brown
11%
2018IrlandeJacob Stockdale
8%
2004IrlandeGordon D'Arcy
6%
2010IrlandeTommy Bowe
6%
2012Pays de GallesDan Lydiate
4%
2011ItalieAndrea Masi
3%

Distribution des résultats

Percentile par nombre de réponses

% des personnes avec chaque résultat

Votre développement - résultats

Vous n’avez pas pris ce quiz depuis la dernière actualisation